|
|
|
|
| LEADER |
00000cam a2200000 a 4500 |
| 001 |
vtls001114226 |
| 003 |
SK-MaSNL |
| 005 |
20260301153604.0 |
| 008 |
250313s1978 xo 000 h slo |
| 015 |
|
|
|a SNBA1979
|
| 035 |
|
|
|a SNK000057069
|
| 035 |
|
|
|a urn:nbn:sk:snk-amju5i
|
| 035 |
|
|
|a urn:nbn:sk:snk-am007y3k
|
| 035 |
|
|
|a DA985BF1-8DDB-481A-A5D6-65A57F39806C
|
| 040 |
|
|
|a SNK
|b slo
|c SNK
|e AACR2
|
| 041 |
0 |
|
|a slo
|
| 044 |
|
|
|a xo
|c SK
|
| 080 |
|
|
|a 820-2
|2 1981
|
| 080 |
|
|
|a 885.0-2
|2 1981
|
| 100 |
1 |
|
|a Kipling, Rudyard,
|d 1865-1936
|4 aut
|9 122052
|
| 245 |
1 |
0 |
|a Kniha džungle
|c Rudyard Kipling zdramatizovala Dagmar Martincová a Václav Martinec ; [z čes. orig.] prel. Mikuláš Fehér
|
| 260 |
|
|
|a Bratislava
|b Lita
|c 1978
|
| 300 |
|
|
|a 33 s., 1,80 AH
|c 29 cm
|
| 521 |
|
|
|a Nepredajné.
|
| 655 |
|
7 |
|a rozprávky
|2 SNKPH
|9 70597
|
| 655 |
|
7 |
|a divadelné hry
|2 SNKPH
|9 70577
|
| 700 |
1 |
|
|a Martincová, Dagmar
|4 aut
|9 515325
|
| 700 |
1 |
|
|a Martinec, Václav,
|d 1937-
|4 aut
|9 6954
|
| 700 |
1 |
|
|a Fehér, Mikuláš,
|d 1942-2017
|4 trl
|9 103465
|
| 852 |
|
|
|a Slovenská národná knižnica
|
| 958 |
|
|
|a OND
|
| 958 |
|
|
|a LX
|
| 999 |
|
|
|c 793607
|d 795537
|
| 952 |
|
|
|a SNK
|b SNK
|y PREZ
|7 0
|p 17A0971116
|o snkSB 27437
|i snkKSP 7043/78
|0 0
|1 0
|4 0
|d 2014-07-14
|f 1
|l 0
|r 2025-03-31 00:00:00
|w 2026-02-24
|